00500nam a2200169Ii 450000100060000000300090000600800410001504000330005604100080008908200140009724500570011126400690016830000120023733600260024933700280027533800270030315685CO-ViMGA241108s9999||||xx |||||||||||||| ||und|| aCO-ViMGAbspaerdacCO-ViMGA0 aspa04a307.2 P7310aPrincipios rectores de los desplazamientos internos. 1aBogotá, Colombia : UNHCR ACNUR : Defensoría del Pueblo, 1999 avolumen atextbtxt2rdacontent aunmediatedbn2rdamedia avolumebnc2rdacarrier